00744 2200193 4500001002100000005001500021035002000036245017700056100001100233250002400244300005200268856002200320700007300342260006800415082001100483084001700494020002200511600001700533INLIS00000000114812620260331082910 a0010-03260006371 aJALAN TERJAL DAN MENDAKI "ISLAM BERKEMAJUAN" POTRET BURAM PDM KOTA KEDIRI 2016-2017 /cPenulis; Yusron, Desain Cover; Herlambang Rahmadhani, Tata Letak Isi; Tia Dwijayanti0 aYusron aEdisi 1.- cetakan 1 axii, 190 halaman :b- ;c12.1 x 17.2 cmeKertas aPerpustakaan Umum0 aDesain Cover; Herlambang Rahmadhani, Tata Letak Isi; Tia Dwijayanti aYogyakarta :bDEEPUBLISH (Grup Penerbitan CV BUDI UTAMA),c2018 a297.37 a297.37 YUS j a978-602-475-011-4 4aDakwah Islam